<?xml version="1.0" encoding="UTF-8"?>
<record
    xmlns:xsi="http://www.w3.org/2001/XMLSchema-instance"
    xsi:schemaLocation="http://www.loc.gov/MARC21/slim http://www.loc.gov/standards/marcxml/schema/MARC21slim.xsd"
    xmlns="http://www.loc.gov/MARC21/slim">

  <leader>02322nam a22002297a 4500</leader>
  <datafield tag="999" ind1=" " ind2=" ">
    <subfield code="c">6407</subfield>
    <subfield code="d">6407</subfield>
  </datafield>
  <controlfield tag="003">AR-CdUCM</controlfield>
  <controlfield tag="008">190315b           ||||| |||| 00| 0 spa d</controlfield>
  <datafield tag="040" ind1=" " ind2=" ">
    <subfield code="a">MUNICIPALIDAD PROVINCIAL DEL CUSCO</subfield>
    <subfield code="c">BIBLIOTECA MUNICIPAL DEL CUSCO</subfield>
  </datafield>
  <datafield tag="082" ind1=" " ind2=" ">
    <subfield code="a">901 /</subfield>
    <subfield code="b">T77</subfield>
  </datafield>
  <datafield tag="100" ind1=" " ind2=" ">
    <subfield code="a">Toynbee, Arnold Joseph</subfield>
  </datafield>
  <datafield tag="245" ind1=" " ind2=" ">
    <subfield code="a">Estudio de la historia /</subfield>
  </datafield>
  <datafield tag="260" ind1=" " ind2=" ">
    <subfield code="a">Buenos Aires :</subfield>
    <subfield code="b">Emec&#xE9;,</subfield>
    <subfield code="c">1953.</subfield>
  </datafield>
  <datafield tag="300" ind1=" " ind2=" ">
    <subfield code="a">12 vol&#xFA;menes ;</subfield>
    <subfield code="b">ilustraciones, laminas plegables,</subfield>
    <subfield code="c">23 cm.</subfield>
  </datafield>
  <datafield tag="505" ind1=" " ind2=" ">
    <subfield code="a">Contenido: v.3: El crecimiento de las civilizaciones -- El problema del crecimiento de las civilizaciones -- La naturaleza del crecimiento de las civilizaciones -- El proceso del crecimiento de las civilizaciones -- v.4: p.1: El colapso de las civilizaciones: El problema del colapso -- Naturaleza del colapso de las civilizaciones -- La causa del colapso de las civilizaciones -- v.4: p.2: El colapso de las civilizaciones: La causa del colapso de las civilizaciones (continuaci&#xF3;n) -- v.5: p.1: La desintegraci&#xF3;n de las civilizaciones: El problema de la desintegraci&#xF3;n de las civilizaciones -- La naturaleza de la desintegraci&#xF3;n de las civilizaciones -- El proceso de la desintegraci&#xF3;n de las civilizaciones --  v.5: p.2: La desintegraci&#xF3;n de las civilizaciones: El proceso de la desintegraci&#xF3;n de las civilizaciones (continuaci&#xF3;n) -- v.6: p.1: La desintegraci&#xF3;n de las civilizaciones -- v.6: p.2: La desintegraci&#xF3;n de las civilizaciones (continuaci&#xF3;n) -- v.7: p.1: Estados universales: Fines o medios -- Estados universales como fines -- Estados universales como medios -- v.7: p.2: Estados universales: Estados universales como medios (continuaci&#xF3;n) -- v.8: Iglesias universales -- Edades her&#xF3;icas -- v.9: p.1: Contactos de civilizaciones en el espacio (encuentros de sociedades contempor&#xE1;neas) -- v.9: p.2: Contacto entre civilizaciones en el espacio (continuaci&#xF3;n) -- v.10: Contacto entre civilizaciones en el tiempo (renaissances) -- v.11: Ley y libertad en la historia -- v.12: Las perspectivas de la civilizaci&#xF3;n Occidental -- v.13: La inspiraci&#xF3;n de los historiadores -- v.14: p.1: Consideraciones Filos&#xF3;ficas.</subfield>
  </datafield>
  <datafield tag="650" ind1=" " ind2=" ">
    <subfield code="a">Civilizaciones</subfield>
    <subfield code="9">18217</subfield>
  </datafield>
  <datafield tag="650" ind1=" " ind2=" ">
    <subfield code="a">Filosof&#xED;a</subfield>
    <subfield code="9">395</subfield>
  </datafield>
  <datafield tag="650" ind1=" " ind2=" ">
    <subfield code="a">Historia</subfield>
    <subfield code="9">136</subfield>
  </datafield>
  <datafield tag="700" ind1=" " ind2=" ">
    <subfield code="a">Fatone, Vicente (traducci&#xF3;n)</subfield>
    <subfield code="9">18218</subfield>
  </datafield>
  <datafield tag="942" ind1=" " ind2=" ">
    <subfield code="2">ddc</subfield>
    <subfield code="c">LIBROS</subfield>
  </datafield>
  <datafield tag="945" ind1=" " ind2=" ">
    <subfield code="a">achl</subfield>
  </datafield>
</record>
